| 000 | 01544cam a2200385 a 4500 | ||
|---|---|---|---|
| 001 | EDZ0000063555 | ||
| 003 | StDuBDS | ||
| 005 | 20161031105117.0 | ||
| 006 | m||||||||d|||||||| | ||
| 007 | cr ||||||||||| | ||
| 008 | 120315s2005 caua fo| 001|0|eng d | ||
| 020 |
_a9781452231655 (ebook) : _cNo price |
||
| 040 |
_aStDuBDS _beng _cStDuBDS _epn |
||
| 049 | _aAlfaisal Main Library | ||
| 050 | 0 |
_aRC455.4.R56 _bD48 2005 |
|
| 082 | 0 | 4 |
_a616.89 _223 |
| 245 | 0 | 0 |
_aDevelopment of psychopathology _h[electronic resource] : _ba vulnerability-stress perspective / _cedited by Benjamin L. Hankin, John R.Z. Abela. |
| 260 |
_aThousand Oaks, Calif. ; _aLondon : _bSAGE, _cc2005. |
||
| 300 |
_a1 online resource (x, 510 p.) : _bill. |
||
| 520 | 8 | _aDivided into three parts, this book systematically integrates vulnerability-stress models of psychopathology with a developmental psychopathological approach. | |
| 521 | _aSpecialized. | ||
| 588 | _aDescription based on print version record. | ||
| 504 | _aIncludes bibliographical references and index. | ||
| 650 | 0 |
_aMental illness _xRisk factors. |
|
| 650 | 0 |
_aPsychology, Pathological _xEtiology. |
|
| 650 | 0 | _aDevelopmental psychology. | |
| 650 | 0 | _aStress (Psychology) | |
| 655 | 7 |
_aElectronic books. _2local |
|
| 700 | 1 | _aHankin, Benjamin L. | |
| 700 | 1 | _aAbela, John R. Z. | |
| 710 | 2 | _aSage eBooks | |
| 776 | 0 | 8 |
_iPrint version : _z9781412904902 |
| 856 | 4 | 0 | _uhttp://ezproxy.alfaisal.edu/login?url=http://sk.sagepub.com/books/development-of-psychopathology |
| 942 |
_2lcc _cEBOOKS |
||
| 999 |
_c479509 _d479509 |
||